000 00407nam a2200145Ia 4500
008 230917s9999||||xx |||||||||||||| ||und||
040 _e166238
_aMAIN
041 _aEnglish
082 _a891.437731 TN155D
100 _aटण्डन, एन. आर.
245 0 _aदिमाग का बीमा
260 _aदिल्ली
_bआत्माराम
_c1961
300 _a122 p.
942 _cHN
999 _c217392
_d217392